| 000 | 00595nam a2200145Ia 4500 | ||
|---|---|---|---|
| 008 | 140724s9999 xx 000 0 und d | ||
| 050 |
_aPN 4700 _b.D346 2009 |
||
| 100 | _aDe Leon, Martin Joseph Antonio V. | ||
| 245 |
_aExploring the effectiveness of online advertisement as perceived by College Students of Southville International School and Colleges / _cMartin Joseph Antonio V. De Leon. |
||
| 260 |
_aLas PiƱas, Philippines : _bSouthville International School and Colleges, _cc2009. |
||
| 300 |
_a57 p. : _bill. ; _c28 cm. |
||
| 521 | _aMass Communication | ||
| 942 | _cTH | ||
| 999 |
_c228873 _d228873 |
||